00821cpcaa2200253 a 4500001001300000003000400013005001700017008004100034010001700075040002400092072001200116100003800128245005000166300001300216506002200229520011100251533003700362545001500399546003600414580005700450600002100507650001900528656002000547mm 79001780 DLC20260227111638.0791120|||||||||||| eng  amm 79001780  aDLCedacscDLCdDLC 7aL2lcmd1 aSmith, Robert,dactive 1831-1850.00aBiographical material on Robert Smith,f1935. a1fitem.0 aOpen to research.8 aNotes compiled by Norma L. Stoner from various sources on the life of Universalist clergyman Robert Smith. aTypewritten transcript.b[S.l.].0 aClergyman. aCollection material in English. aForms part of: Miscellaneous Manuscripts collection.10aStoner, Norma L. 0aUniversalists. 7aClergy.2itoamc